书目信息 |
| 题名: |
刑法修订要论
|
|
| 作者: | 敬大力 主编 | |
| 分册: | ||
| 出版信息: | 北京 法律出版社 1997.04 |
|
| 页数: | 366页 | |
| 开本: | 21cm | |
| 丛书名: | ||
| 单 册: | ||
| 中图分类: | D924.04 | |
| 科图分类: | ||
| 主题词: | 刑法--中国 | |
| 电子资源: | ||
| ISBN: | 7-5036-2129-X | |
| 000 | 00537nam0 2200193 45 | |
| 001 | 9909141414 | |
| 005 | 20041203113525.5 | |
| 010 | @a7-5036-2129-X@dCNY20.00 | |
| 100 | @a19990914d1997 km y0chiy0120 ea | |
| 101 | @achi | |
| 105 | @a z 000yy | |
| 200 | 1 | @a刑法修订要论@AXing Fa Xiu Ding Yao Lun@f敬大力主编@FJing Da Li Zhu Bian |
| 210 | @a北京@c法律出版社@d1997.04 | |
| 215 | @a366页@d21cm | |
| 606 | 0 | @a刑法@y中国 |
| 690 | @aD924.04@v1 | |
| 701 | 0 | @a敬大力@4主编 |
| 801 | @aCN@bTSTC@c20011017 | |
| 905 | @dD924.04@e156@b284126@f1 | |
| 刑法修订要论/敬大力主编.-北京:法律出版社,1997.04 |
| 366页;21cm |
| ISBN 7-5036-2129-X:CNY20.00 |
| ● |
| 相关链接 |
|
|
|
|
正题名:刑法修订要论
索取号:D924.04/156
 
预约/预借
| 序号 | 登录号 | 条形码 | 馆藏地/架位号 | 状态 | 备注 |
| 1 | 0284124 | 002841241 | 第一借阅区/ [索取号:D924.04/156] | 在馆 | |
| 2 | 0284125 | 002841250 | 第一借阅区/ [索取号:D924.04/156] |
已借出,限还日期为2004.10.18 借出人:金贵宾 |
|
| 3 | 0284126 | 002841269 | 第一借阅区/ [索取号:D924.04/156] | 在馆 | |
| 4 | 0284127 | 002841278 | 第一借阅区/ [索取号:D924.04/156] | 在馆 | |
| 5 | 0284128 | 002841287 | 第一样本阅览室/ [索取号:D924.04/156] | 在馆 |